| 000 | 00922nas a2200313 4500 | ||
|---|---|---|---|
| 001 | BR0305481 | ||
| 003 | BR-BrBNA | ||
| 005 | 20231205104144.0 | ||
| 007 | ta | ||
| 008 | 230509b bl.|||p| |||| 00| 00por d | ||
| 040 |
_aBR-BrBNA _bpor _cBiblioteca Nacional de Agricultura |
||
| 041 | _a(Pt) | ||
| 072 | _aL51; L52 | ||
| 100 | 1 | _aBarros, M.M. | |
| 100 | 1 | _aPezzato, L.E. | |
| 100 | 1 | _aKleemann, G.K. | |
| 100 | 1 | _aHisano, H. | |
| 100 | 1 | _aRosa, G.J. de M. | |
| 245 | 1 | _aNíveis de vitamina C e ferro para tilápia do nilo (Oreochromis niloticus) | |
| 650 | _aTILÁPIA NILÓTICA | ||
| 650 | _aVITAMINA C | ||
| 650 | _aFERRO | ||
| 650 | _aALEVINO | ||
| 650 | _aEXIGÊNCIA NUTRICIONAL | ||
| 650 | _aPERFORMANCE | ||
| 773 | 0 |
_tRevista Brasileira de Zootecnia (Brazil) _xISSN 1516-3598 _g(Nov-Dec 2002), v. 31(6) p. 2149-2156 _wBR0305481 |
|
| 909 |
_a202311 _bLúcia _c55 _dLúcia Elande |
||
| 942 |
_2AGRIS _n0 _cANA |
||
| 999 |
_c176656 _d176656 |
||